Obráběcí centrum CS 1200.

Gespeichert in:
Bibliographische Detailangaben
Körperschaften: ALZMETALL Werkzeugmaschinenfabrik und Giesserei Friedrich GmbH & Co. KG (Altenmarkt) (VerfasserIn), GALIKA (Nové Mesto nad Váhom, Slovensko) (ZusammenstellendeR)
Format: Buch
Sprache:Tschechisch
Polnisch
Veröffentlicht: [S.l.] : [s.n.], 2007
Ausgabe:[1. vyd.]
Schlagworte:
Online-Zugang: Volltext
Tags: Tag hinzufügen
Keine Tags, Fügen Sie den ersten Tag hinzu!

MARC

LEADER 00000nam a2200000 4500
003 SK-BrCVT
005 20220621163007.0
008 070808s2007 gw e ||||||cze d
035 |a CVTIDW1411445 
040 |b slo  |a CVTI SR  |e AACR2 
041 0 |a cze  |a pol 
044 |a gw 
080 |a 621.9  |2 UDC-MRF 
080 |a 621.7  |2 UDC-MRF 
110 2 |a ALZMETALL Werkzeugmaschinenfabrik und Giesserei Friedrich GmbH & Co. KG (Altenmarkt)  |4 aut 
245 1 0 |a Obráběcí centrum CS 1200. 
250 |a [1. vyd.] 
260 |a [S.l.] :  |b [s.n.],  |c 2007 
300 |a [4 s.] :  |b obr., tab. ; 
653 1 |a trieskové obrábanie  |a vysokorýchlostné obrábanie  |a obrábanie tvrdených materiálov  |a reťazový zásobník  |a dvojnásobný podávač 
710 2 |a GALIKA (Nové Mesto nad Váhom, Slovensko)  |4 com 
910 |b F027240 
959 |a 5521 
974 |f Firemná literatúra 
992 |a FFP 
999 |c 153723  |d 153723